Geology and ore deposits of the Hecla mining district, Beaverhead County, Montana. (Record no. 28388)

MARC details
000 -LEADER
fixed length control field 00793cam a22002411 4500
001 - CONTROL NUMBER
control field gs 49000161
003 - CONTROL NUMBER IDENTIFIER
control field DLC
005 - DATE AND TIME OF LATEST TRANSACTION
control field 20260227111355.0
008 - FIXED-LENGTH DATA ELEMENTS--GENERAL INFORMATION
fixed length control field 780815s1948 mtua 000 0 eng
010 ## - LIBRARY OF CONGRESS CONTROL NUMBER
LC control number gs 49000161
035 ## - SYSTEM CONTROL NUMBER
System control number (OCoLC)4143570
040 ## - CATALOGING SOURCE
Original cataloging agency DLC
Transcribing agency TxEU
Modifying agency DLC
042 ## - AUTHENTICATION CODE
Authentication code premarc
050 00 - LIBRARY OF CONGRESS CALL NUMBER
Classification number TN24.M9
Item number K3
100 1# - MAIN ENTRY--PERSONAL NAME
Personal name Karlstrom, Thor N. V.,
Dates associated with a name 1920-
245 10 - TITLE STATEMENT
Title Geology and ore deposits of the Hecla mining district, Beaverhead County, Montana.
260 ## - PUBLICATION, DISTRIBUTION, ETC.
Place of publication, distribution, etc. Butte,
Name of publisher, distributor, etc. Montana School of Mines,
Date of publication, distribution, etc. 1948.
300 ## - PHYSICAL DESCRIPTION
Extent 87 p.
Other physical details illus., maps (part fold.)
Dimensions 28 cm.
410 20 - SERIES STATEMENT/ADDED ENTRY--CORPORATE NAME [OBSOLETE, CAN/MARC], [LOCAL, USA]
Corporate name or jurisdiction name as entry element Montana Bureau of Mines and Geology.
Title of a work Memoir
Volume number/sequential designation no. 25
504 ## - BIBLIOGRAPHY, ETC. NOTE
Bibliography, etc. note Bibliography: p. 85-87.
650 #0 - SUBJECT ADDED ENTRY--TOPICAL TERM
Topical term or geographic name entry element Geology
Geographic subdivision Montana
-- Hecla district.
650 #0 - SUBJECT ADDED ENTRY--TOPICAL TERM
Topical term or geographic name entry element Ore deposits
Geographic subdivision Montana
-- Hecla district.

No items available.

Powered by Koha